02063nam a2200361 i 4500001001000000003000900010005001700019007000300036008004100039040003000080041000800110082002000118100006500138245013600203264006300339300002800402336002700430337003300457338002800490500004200518500006300560504003100623590002700654700005600681910001400737942001400751952018600765952019200951952018101143952018101324952018101505999001501686000007205DO-SdBNP20251008142828.0ta090907s1976 dr 001 0 spa d aDO-SdBNPbspacBNPHUerda aspa axxxbC111l2xxx1 aCaamaño de Fernández, Vicentad1932eautora4aut.91999310aLa lengua campesina en la narrativa costumbrista dominicana /cVicenta Caamaño de Fernández ; prólogo, Manuel Alvarez Narario 1aSanto Domingo :bCenturión,bImpresora Dominicanac1976. a207 páginas ;c20 cm. atextobtxt2rdacontent asin mediaciónbn2rdamedia avolumenbnc2rdacarrier aIncluye índice de palabras y frases aIncluye datos biográficos de la autora en la página 11 aBibliografía p: 167-175. aInventariado, 2025/ YL1 aÁlvarez Nazario, Manuel,eprologuista4pr.919994 aYLockward 2ddccLBS1 00102ddc51708PDaBNPHUbBNPHUcCTd2021-12-16eDonado por el Colegio nuestra señora de LourdesiLF1l0oBNPHU PD xxx C111lp7205-10r2020-06-25w2020-06-25yLBS1ZNo se presta 00102ddc51708PDaBNPHUbBNPHUcCTd2021-12-16eDonado por el Colegio nuestra señora de LourdesiLF1l0oBNPHU PD xxx C111lp7205-20r2020-06-25te. 2w2020-06-25yLBS1ZNo se presta 00102ddc56708DSaBNPHUbBNPHUcCTd2021-12-16eDonado por el Colegio nuestra señora de LourdesiLF1l0oBNPHU DS xxx C111lp2025-11273r2025-10-08te. 3w2025-10-08yLBS1 00102ddc56708DSaBNPHUbBNPHUcCTd2021-12-16eDonado por el Colegio nuestra señora de LourdesiLF1l0oBNPHU DS xxx C111lp2025-11274r2025-10-08te. 4w2025-10-08yLBS1 00102ddc56708DSaBNPHUbBNPHUcCTd2021-12-16eDonado por el Colegio nuestra señora de LourdesiLF1l0oBNPHU DS xxx C111lp2025-11275r2025-10-08te. 5w2025-10-08yLBS1 c6986d6986